00510 2200193 4500001002100000005001500021035002000036007000300056008004100059020000800100082001000108084001600118100001700134245005100151250002000202260004300222300003500265650001600300INLIS00000000113905520220121103445 a0010-0122004210ta220121 0 ind  a... aF 813 aF 813 AOY d0 aAoyama Gosho1 aDetektif Conan :bAoyama Gosho /cAoyama Gosho aCetakan Pertama aJakarta :bElex Media Komputindo,c... a... :bilustrasi ;c17 x 11 cm 4aFiksi Komik